Hojas selectas : revista para todos : año primero /

Revista española que apareció a principios del siglo XX de periodicidad mensual y que se compilaba en tomos anuales. La duración de esta publicación fue de veinte años, de 1902 a 1921, y fue el origen de las enciclopedias que publicara la editorial Salvat. La obra reúne temas muy diversos y variados...

Повний опис

Збережено в:
Бібліографічні деталі
Формат: Книга
Мова:Іспанська
Опубліковано: Barcelona, España : Salvat, 1902, c1902
Серія:(Biblioteca Salvat)
Предмети:
Теги: Додати тег
Немає тегів, Будьте першим, хто поставить тег для цього запису!

MARC

LEADER 00000nam^a2200000^a^4500
001 000359959
005 20250526000000.0
009 20260310115411.47
037 |a Acervo ITESO - Biblioteca 
041 |a ESP 
082 |a 036. 1  |b HOJ V. 1 
245 0 0 |a Hojas selectas :  |b revista para todos : año primero / 
264 4 |a Barcelona, España :  |b Salvat,  |c 1902, c1902 
300 |a 1156 p. ;  |c 24.5 cm. 
336 |a texto  |b txt  |2 rdacontenido 
337 |a sin mediación  |b n  |2 rdamedio 
338 |a volumen  |b nc  |2 rdasoporte 
440 1 |a (Biblioteca Salvat) 
520 |a Revista española que apareció a principios del siglo XX de periodicidad mensual y que se compilaba en tomos anuales. La duración de esta publicación fue de veinte años, de 1902 a 1921, y fue el origen de las enciclopedias que publicara la editorial Salvat. La obra reúne temas muy diversos y variados de la literatura y el arte, la ciencia, excursiones, viajes, descubrimientos e inventos, de la historia, sucesos, eventos, curiosidades y biografías, política y noticias de la época. Los artículo se encuentran profusamente ilustrado principalmente en blanco y negro y en cada uno de los volúmenes se organiza la información conforme a la cronología en la que fueron publicados los números individuales pero manteniendo una sola paginación. 
649 |a XX 
650 |a Niños -  |x Cuidado e Higiene 
650 |a Militares 
650 |a Políticos 
650 |a Músicos 
650 |a Escultores 
650 |a Pintores 
650 |a Artistas 
650 |a Nobleza -  |z Europa -  |x Historia 
650 |a Iglesia Católica -  |x Historia 
650 |a Música Española 
650 |a Escultura 
650 |a Pintura 
650 |a Arquitectura Funeraria 
650 |a Arquitectura Moderna 
650 |a Literatura 
650 |a Restauración y Conservación de Arte 
650 |a Arte Religioso 
650 |a Arte Urbano 
650 |a Arte Moderno -  |y Siglo XIX 
650 |a Arte -  |y Siglo XIX 
650 |a Arte -  |x Historia y Crítica 
650 |a Animales 
650 |a Deportes 
650 |a Historietas y Caricaturas 
650 |a Mesa -  |x Arreglo y Decoración 
650 |a Etiqueta (Urbanidad) 
650 |a Acabados Arquitectónicos 
650 |a Decoración y Ornamentación 
650 |a Accesorios Personales 
650 |a Moda 
650 |a Alimentos Naturales 
650 |a Acero -  |x Industria y Comercio 
650 |a Ferrocarriles 
650 |a Comportamiento Demográfico 
650 |a Juegos de Mesa 
650 |a Villancico 
650 |a Fiestas Patronales 
650 |a Viajes y Travesías 
650 |a Corridas de Toros 
650 |a Espectáculos Populares 
650 |a Viticultura y Enología 
650 |a Botánica -  |x Clasificación 
650 |a Grafología 
650 |a Satélites 
650 |a Sistema Solar 
650 |a Astrofísica 
650 |a Geografía Política 
650 |a Enciclopedias y Diccionarios -  |x Tema Principal 
650 |a Díaz, Porfirio 
650 |a Eduardo VII,  |c Rey de Inglaterra 
650 |a Alfonso XIII,  |c Rey de España 
650 |a Luna 
910 |a Fondo General 
920 |a Impresos - Libros 
930 |a Libros Antiguos y Raros 
905 |a 108 
901 |a 0500253254  |b IT2  |c LRA  |i D72917  |u 20250526 
902 |a https://opac.biblio.iteso.mx/vufind/Record/000359959